Mixed Word: Movie Titles IV Quiz Stats

 Plays Quiz Updated Jul 23, 2017

Support Sporcle.
Go Orange.
Score 0/12 Timer 02:00
0 Plays Today
Scrambled Name Movie % Correct
MUBD DAN RUMDEBDumb And Dumber
94.4%
LUFL TELAM CKTEAJFull Metal Jacket
91.6%
GNOYU ENRANKFEINSTYoung Frankenstein
89.7%
NUR LALO URNRun Lola Run
89.6%
NEZITCI EKANCitizen Kane
88.9%
LAL BUTOA VEEAll About Eve
88.3%
SAURJICS RAKPJurassic Park
84.4%
NACIREMA YTUEBAAmerican Beauty
75%
SEROSARMY YABBRosemary's Baby
73.3%
TEH TUIRSPU FO NESHAPYPSThe Pursuit Of Happyness
67.8%
TOOLFEOSOFootloose
59.9%
ONLEOPNA YNDMATEINapoleon Dynamite
41.7%

From the Vault

More Knitted Animals

by sproutcm

Alright, this quiz is possibly the cutest one we've ever made.
Remove Ads.
Support Sporcle.
Get the best of Sporcle when you Go Orange. This ad-free experience offers more features, more stats, and more fun while also helping to support Sporcle. Thank you for becoming a member.

Show Comments

Extras

Top Quizzes Today


Score Distribution

Your Account Isn't Verified!

In order to create a playlist on Sporcle, you need to verify the email address you used during registration. Go to your Sporcle Settings to finish the process.

Report this User

Report this user for behavior that violates our Community Guidelines.

Details: